000 00563pam a2200205 a 4500
020 _a0808922882
_c1728.00
041 _aeng
_hNULL
082 _a610.3
_bDOR/AND/BE
100 _aDORLANDS , W .
245 _aDORLAND`S ILLUSTRATED MEDICAL DICTIONARY /
_cNULL.
_hTextual Documents
250 _a30 /
_b.
260 _aNULL :
_bSAUNDERS ,
_c2003.
300 _a2190 :
_bXXVII ;
_cNULL .
365 _a1728.00
504 _aGENERAL
653 _aKNOWLEDGE(GENERAL)
700 _aANDREOLI, T .
_aBEHRMAN, R .
930 _a1341
999 _c795877
_d795877